书目信息 |
| 题名: |
建筑识图
|
|
| 作者: | 高军 , 童振龙 , 邹迎辉, 主编 | |
| 分册: | ||
| 出版信息: | 天津 天津大学出版社 2018.05 |
|
| 页数: | 184页 | |
| 开本: | 26cm | |
| 丛书名: | “十三五”精品课程规划教材 | |
| 单 册: | ||
| 中图分类: | TU204.21 | |
| 科图分类: | ||
| 主题词: | 建筑制图--jian zhu zhi tu--识图--教材 | |
| 电子资源: | ||
| ISBN: | 978-7-5618-5999-5 | |
| 000 | 01084nam 2200277 450 | |
| 001 | 202021191751 | |
| 005 | 20211025120130.0 | |
| 010 | @a978-7-5618-5999-5@dCNY40.00 (含设计图) | |
| 100 | @a20210919d2018 em y0chiy50 ea | |
| 101 | 0 | @achi |
| 102 | @aCN@b120000 | |
| 105 | @aa z 000yy | |
| 106 | @ar | |
| 200 | 1 | @a建筑识图@Ajian zhu shi tu@f主编高军, 童振龙, 邹迎辉 |
| 210 | @a天津@c天津大学出版社@d2018.05 | |
| 215 | @a184页@c图@d26cm@e设计图1册 (26x37cm) | |
| 225 | 2 | @a“十三五”精品课程规划教材@A“ shi san wu ” jing pin ke cheng gui hua jiao cai@i土建类 |
| 330 | @a本书内容包括建筑施工图基础知识、建筑施工图识读、结构施工图基础知识、结构施工图识读、建筑给水排水施工图识读、建筑电气施工图识读、建筑采暖施工图识读。 | |
| 410 | 0 | @12001 @a“十三五”精品课程规划教材@i土建类 |
| 606 | 0 | @a建筑制图@Ajian zhu zhi tu@x识图@j教材 |
| 690 | @aTU204.21@v5 | |
| 701 | 0 | @a高军@Agao jun@c(职业教育)@4主编 |
| 701 | 0 | @a童振龙@Atong zhen long@4主编 |
| 701 | 0 | @a邹迎辉,@Azou ying hui@f1975-)@4主编 |
| 801 | 0 | @aCN@c20210909 |
| 905 | @a河南城建学院图书馆@dTU204.21@eG145 | |
| 建筑识图/主编高军, 童振龙, 邹迎辉.-天津:天津大学出版社,2018.05 |
| 184页:图;26cm+设计图1册 (26x37cm).-(“十三五”精品课程规划教材.土建类) |
| ISBN 978-7-5618-5999-5:CNY40.00 (含设计图) |
| 本书内容包括建筑施工图基础知识、建筑施工图识读、结构施工图基础知识、结构施工图识读、建筑给水排水施工图识读、建筑电气施工图识读、建筑采暖施工图识读。 |
| ● |
| 相关链接 |
|
|
|
正题名:建筑识图
索取号:TU204.21/G145
 
预约/预借
| 序号 | 登录号 | 条形码 | 馆藏地/架位号 | 状态 | 备注 |
| 1 | 1540555 | 215405559 | 建筑库101/101建筑库 39排3列3层/ [索取号:TU204.21/G145] | 在馆 | |
| 2 | 1540556 | 215405568 | 建筑库101/101建筑库 39排3列3层/ [索取号:TU204.21/G145] | 在馆 |